Normal view
MARC view
Entry Personal Name
001 - CONTROL NUMBER
- control field: 14834
003 - CONTROL NUMBER IDENTIFIER
- control field: BD-RjUL
005 - DATE AND TIME OF LATEST TRANSACTION
- control field: 20250126104030.0
008 - FIXED-LENGTH DATA ELEMENTS
- fixed length control field: 250126|| aca||aabn | a|a d
040 ## - CATALOGING SOURCE
- Original cataloging agency: BD-RjUL
- Transcribing agency: BD-RjUL
100 ## - HEADING--PERSONAL NAME
- Personal name: Mahdi, Land Lord
670 ## - SOURCE DATA FOUND
- Source citation: Work cat.: (BD-RjUL)84612: Mahdi, Land Lord, Concise Makki Life of Honourable Muhammad (Sm) /, 2016